00734pam a2200253 i 45000010005000000030008000050050017000130080039000300200015000690350018000840400032001020410008001340820022001421000019001642450082001832500011002652600038002763000034003145000020003485040030003686500026003986500027004246500029004517711BD-RjUL20211208234449.0150114s1976 nyua b 001 0 eng a0060417625 a(BD-RjUL)7755 aDLCcDLCdDLCdBD-RjULbeng aeng00219a510.2433bWEM1 aWeber, Jean E.10aMathematical analysis :bbusiness and economic applications /cJean E. Weber. a3d ed. aNew York :bHarper & Row,cc1976. axii, 691 p. :bill. ;c27 cm. aIncludes index. aBibliography: p. 679-681. 0aBusiness mathematics. 0aMathematical analysis. 0aEconomics, Mathematical.